[Event "69th RUS-ch Women Higher League 2019"]
[Site "Yaroslavl"]
[Date "2019.07.05"]
[Round "8.2"]
[White "Bykova, Anastasia"]
[Black "Shafigullina, Zarina"]
[Result "0-1"]
[WhiteElo "2229"]
[BlackElo "2240"]
[Annotator "NA"]
[PlyCount "98"]
[EventDate "2019.06.27"]
[EventType "swiss"]
[EventCountry "RUS"]
[SourceTitle "playchess.com"]
[Source "ChessBase"]
[SourceQuality "1"]
[TimeControl "40/5400+30:1800+30"]

1. d4 {[%emt 0:00:00]} Nf6 {[%emt 0:00:00]} 2. c4 {[%emt 0:00:00]} e6 {[%emt 0:00:00]} 3. Nf3 {[%emt 0:00:00]} Be7 {[%emt 0:00:00]} 4. g3 {[%emt 0:00:09]} d5 {[%emt 0:00:07]} 5. Bg2 {[%emt 0:00:06]} O-O {[%emt 0:00:10]} 6. O-O {[%emt 0:00:05]} dxc4 {[%emt 0:00:04]} 7. Qc2 {[%emt 0:00:03]} a6 {[%emt 0:00:12]} 8. Qxc4 {[%emt 0:00:21]} b5 {[%emt 0:00:05]} 9. Qc2 {[%emt 0:00:08]} Bb7 {[%emt 0:00:08]} 10. Bf4 {[%emt 0:00:23]} Nc6 {[%emt 0:07:23]} 11. Rd1 {[%emt 0:05:17]} Nb4 {[%emt 0:04:37]} 12. Qc1 {[%emt 0:02:03]} Nbd5 {[%emt 0:00:42]} 13. Nbd2 {[%emt 0:12:47]} Nxf4 {[%emt 0:03:17]} 14. gxf4 {[%emt 0:00:26]} Bd6 {[%emt 0:24:02]} 15. Ne5 {[%emt 0:12:50]} Bxg2 {[%emt 0:00:13]} 16. Kxg2 {[%emt 0:00:04]} Nh5 {[%emt 0:08:35]} 17. Ndf3 {[%emt 0:03:20]} f6 {[%emt 0:05:35]} 18. Nd3 {[%emt 0:03:46]} Qe8 {[%emt 0:00:06]} 19. Kh1 {[%emt 0:09:28]} Qg6 {[%emt 0:00:42]} 20. Qc6 {[%emt 0:09:38]} Nxf4 {[%emt 0:18:40]} 21. Nxf4 {[%emt 0:00:20]} Bxf4 {[%emt 0:00:03]} 22. Qxe6+ {[%emt 0:00:22]} Kh8 {[%emt 0:00:06]} 23. Rg1 {[%emt 0:07:47]} Rae8 {[%emt 0:10:42]} 24. Qc6 {[%emt 0:14:58]} Qf5 {[%emt 0:00:52]} 25. e3 {[%emt 0:01:10]} Bd6 {[%emt 0:00:12]} 26. Rg2 {[%emt 0:00:56]} Re4 {[%emt 0:03:34]} 27. Nd2 {[%emt 0:02:07]} Rh4 {[%emt 0:01:02]} 28. Rc1 {[%emt 0:03:38]} a5 {[%emt 0:04:47]} 29. a4 {[%emt 0:09:43]} Qh5 {[%emt 0:02:26]} 30. Nf1 {[%emt 0:00:37]} bxa4 {[%emt 0:00:39]} 31. Qxa4 {[%emt 0:01:00]} Rb8 {[%emt 0:03:40]} 32. Qd7 {[%emt 0:00:17]} g6 {[%emt 0:00:13]} 33. b3 {[%emt 0:01:45]} Qf3 {[%emt 0:01:14]} 34. Qe6 {[%emt 0:00:53]} Rh5 {[%emt 0:00:35]} 35. Kg1 {[%emt 0:00:18]} Qf5 {[%emt 0:01:52]} 36. Qf7 {[%emt 0:00:42]} Rf8 {[%emt 0:00:24]} 37. Qc4 {[%emt 0:00:02]} Qb5 {[%emt 0:00:46]} 38. Nd2 {[%emt 0:00:23]} Qxc4 {[%emt 0:00:39]} 39. Nxc4 {[%emt 0:00:30]} Rb5 {[%emt 0:00:19]} 40. Kh1 {[%emt 0:00:00]} Rfb8 {[%emt 0:00:00]} 41. Ra1 {[%emt 0:11:36]} Bb4 {[%emt 0:00:50]} 42. h3 {[%emt 0:01:44]} Bc3 {[%emt 0:00:21]} 43. Ra2 {[%emt 0:02:50]} Rxb3 {[%emt 0:01:21]} 44. Rg1 {[%emt 0:00:17]} Ra8 {[%emt 0:08:50]} 45. Rc1 {[%emt 0:00:40]} a4 {[%emt 0:01:19]} 46. Kg2 {[%emt 0:03:40]} a3 {[%emt 0:01:45]} 47. Kf1 {[%emt 0:00:55]} Ra4 {[%emt 0:00:19]} 48. Ke2 {[%emt 0:07:25]} Rxc4 {[%emt 0:00:22]} 49. Kd3 {[%emt 0:00:02]} Rc6 {[%emt 0:01:03]} 0-1

[Event "69th RUS-ch Women Higher League 2019"]
[Site "Yaroslavl"]
[Date "2019.07.05"]
[Round "8.3"]
[White "Shuvalova, Polina"]
[Black "Charochkina, Daria"]
[Result "1/2-1/2"]
[WhiteElo "2418"]
[BlackElo "2338"]
[Annotator "NA"]
[PlyCount "100"]
[EventDate "2019.06.27"]
[EventType "swiss"]
[EventCountry "RUS"]
[SourceTitle "playchess.com"]
[Source "ChessBase"]
[SourceQuality "1"]
[TimeControl "40/5400+30:1800+30"]

1. e4 {[%emt 0:00:00]} g6 {[%emt 0:00:00]} 2. d4 {[%emt 0:00:00]} Bg7 {[%emt 0:00:00]} 3. Nc3 {[%emt 0:00:48]} d6 {[%emt 0:00:00]} 4. Nf3 {[%emt 0:00:22]} a6 {[%emt 0:00:00]} 5. Bd3 {[%emt 0:08:32]} b5 {[%emt 0:00:04]} 6. O-O {[%emt 0:00:25]} Bb7 {[%emt 0:00:13]} 7. e5 {[%emt 0:02:18]} Nd7 {[%emt 0:07:13]} 8. exd6 {[%emt 0:10:12]} cxd6 {[%emt 0:00:09]} 9. a4 {[%emt 0:00:30]} b4 {[%emt 0:00:36]} 10. Ne4 {[%emt 0:00:06]} d5 {[%emt 0:13:38]} 11. Neg5 {[%emt 0:09:16]} h6 {[%emt 0:12:22]} 12. Nh3 {[%emt 0:03:33]} a5 {[%emt 0:01:21]} 13. Qe2 {[%emt 0:11:34]} Ngf6 {[%emt 0:01:47]} 14. Nf4 {[%emt 0:05:50]} Qb6 {[%emt 0:13:54]} 15. c4 {[%emt 0:06:30]} dxc4 {[%emt 0:02:24]} 16. Bxc4 {[%emt 0:00:11]} g5 {[%emt 0:00:16]} 17. Re1 {[%emt 0:01:54]} e6 {[%emt 0:08:08]} 18. Nd3 {[%emt 0:10:02]} O-O {[%emt 0:00:35]} 19. h4 {[%emt 0:04:01]} g4 {[%emt 0:01:09]} 20. Nfe5 {[%emt 0:03:05]} Qxd4 {[%emt 0:00:32]} 21. Nxd7 {[%emt 0:10:30]} Nxd7 {[%emt 0:01:13]} 22. Bb5 {[%emt 0:00:31]} Nf6 {[%emt 0:05:46]} 23. Be3 {[%emt 0:01:11]} Qd5 {[%emt 0:03:00]} 24. Nf4 {[%emt 0:01:27]} Qf5 {[%emt 0:00:25]} 25. Rac1 {[%emt 0:01:17]} Rac8 {[%emt 0:04:18]} 26. Ba6 {[%emt 0:00:28]} Bxa6 {[%emt 0:08:51]} 27. Qxa6 {[%emt 0:00:02]} Rc2 {[%emt 0:00:10]} 28. Rxc2 {[%emt 0:01:54]} Qxc2 {[%emt 0:00:04]} 29. Qxa5 {[%emt 0:00:31]} Qxb2 {[%emt 0:00:18]} 30. Qb5 {[%emt 0:02:50]} g3 {[%emt 0:02:21]} 31. Nd3 {[%emt 0:02:26]} Qc3 {[%emt 0:01:30]} 32. Rc1 {[%emt 0:01:53]} gxf2+ {[%emt 0:00:04]} 33. Bxf2 {[%emt 0:00:13]} Qd2 {[%emt 0:01:34]} 34. Rf1 {[%emt 0:01:19]} Rd8 {[%emt 0:05:52]} 35. Nxb4 {[%emt 0:00:17]} Ng4 {[%emt 0:04:19]} 36. Nc6 {[%emt 0:00:02]} Rd7 {[%emt 0:00:16]} 37. Bc5 {[%emt 0:01:10]} Kh7 {[%emt 0:01:34]} 38. Qc4 {[%emt 0:00:21]} h5 {[%emt 0:02:19]} 39. a5 {[%emt 0:00:10]} Rd3 {[%emt 0:00:37]} 40. Qe4+ {[%emt 0:00:00]} f5 {[%emt 0:00:00]} 41. Qxe6 {[%emt 0:06:04]} Rd5 {[%emt 0:13:43]} 42. Bb6 {[%emt 0:01:25]} Qd3 {[%emt 0:01:45]} 43. Ne7 {[%emt 0:16:32]} Bd4+ {[%emt 0:01:52]} 44. Bxd4 {[%emt 0:00:05]} Qxd4+ {[%emt 0:00:01]} 45. Kh1 {[%emt 0:00:01]} Nf2+ {[%emt 0:00:21]} 46. Rxf2 {[%emt 0:00:34]} Qxh4+ {[%emt 0:00:07]} 47. Kg1 {[%emt 0:00:02]} Rd1+ {[%emt 0:00:05]} 48. Rf1 {[%emt 0:00:02]} Qd4+ {[%emt 0:00:14]} 49. Kh2 {[%emt 0:00:01]} Qh4+ {[%emt 0:00:05]} 50. Kg1 {[%emt 0:00:02]} Qd4+ {[%emt 0:00:08]} 1/2-1/2

[Event "69th RUS-ch Women Higher League 2019"]
[Site "Yaroslavl"]
[Date "2019.07.05"]
[Round "8.4"]
[White "Galliamova, Alisa"]
[Black "Solozhenkina, Elizaveta"]
[Result "1-0"]
[WhiteElo "2444"]
[BlackElo "2324"]
[Annotator "NA"]
[PlyCount "104"]
[EventDate "2019.06.27"]
[EventType "swiss"]
[EventCountry "RUS"]
[SourceTitle "playchess.com"]
[Source "ChessBase"]
[SourceQuality "1"]
[TimeControl "40/5400+30:1800+30"]

1. d4 {[%emt 0:00:00]} Nf6 {[%emt 0:00:00]} 2. c4 {[%emt 0:00:00]} e6 {[%emt 0:00:00]} 3. Nf3 {[%emt 0:00:05]} d5 {[%emt 0:00:00]} 4. g3 {[%emt 0:00:12]} Be7 {[%emt 0:02:36]} 5. Bg2 {[%emt 0:00:10]} O-O {[%emt 0:00:09]} 6. O-O {[%emt 0:00:16]} dxc4 {[%emt 0:00:06]} 7. Qc2 {[%emt 0:00:05]} b5 {[%emt 0:00:56]} 8. a4 {[%emt 0:00:29]} b4 {[%emt 0:00:07]} 9. Nfd2 {[%emt 0:00:33]} c6 {[%emt 0:05:10]} 10. Nxc4 {[%emt 0:00:16]} Qxd4 {[%emt 0:00:09]} 11. Rd1 {[%emt 0:00:38]} Qc5 {[%emt 0:00:24]} 12. Be3 {[%emt 0:00:12]} Qh5 {[%emt 0:00:34]} 13. Nbd2 {[%emt 0:00:17]} e5 {[%emt 0:13:51]} 14. Ne4 {[%emt 0:00:41]} Ng4 {[%emt 0:16:45]} 15. h4 {[%emt 0:00:19]} Nxe3 {[%emt 0:11:49]} 16. Nxe3 {[%emt 0:00:28]} Be6 {[%emt 0:01:32]} 17. Bf3 {[%emt 0:27:02]} Qg6 {[%emt 0:06:28]} 18. h5 {[%emt 0:01:42]} Qh6 {[%emt 0:00:09]} 19. Nd6 {[%emt 0:18:08]} Nd7 {[%emt 0:09:05]} 20. Qxc6 {[%emt 0:14:21]} Rad8 {[%emt 0:03:48]} 21. Qc7 {[%emt 0:08:36]} Bxd6 {[%emt 0:18:47]} 22. Rxd6 {[%emt 0:03:15]} Rc8 {[%emt 0:01:11]} 23. Qxa7 {[%emt 0:01:20]} Nf6 {[%emt 0:00:49]} 24. Qa5 {[%emt 0:08:51]} e4 {[%emt 0:02:11]} 25. Bg2 {[%emt 0:01:34]} b3 {[%emt 0:02:11]} 26. Rad1 {[%emt 0:03:54]} g6 {[%emt 0:02:14]} 27. hxg6 {[%emt 0:01:48]} hxg6 {[%emt 0:00:18]} 28. Qe5 {[%emt 0:02:05]} Qg7 {[%emt 0:00:54]} 29. a5 {[%emt 0:01:37]} Ra8 {[%emt 0:01:22]} 30. a6 {[%emt 0:00:45]} Ra7 {[%emt 0:00:50]} 31. Qd4 {[%emt 0:01:27]} Rfa8 {[%emt 0:00:31]} 32. Rd8+ {[%emt 0:00:57]} Kh7 {[%emt 0:00:09]} 33. Rxa8 {[%emt 0:00:32]} Rxa8 {[%emt 0:00:01]} 34. Ra1 {[%emt 0:01:43]} Nd7 {[%emt 0:01:05]} 35. Qxg7+ {[%emt 0:00:41]} Kxg7 {[%emt 0:00:01]} 36. Bxe4 {[%emt 0:00:27]} Ra7 {[%emt 0:00:03]} 37. Ra5 {[%emt 0:01:09]} Nb6 {[%emt 0:01:29]} 38. Bb7 {[%emt 0:00:49]} Kf6 {[%emt 0:00:41]} 39. Kf1 {[%emt 0:00:22]} Ke7 {[%emt 0:00:21]} 40. Ke1 {[%emt 0:00:00]} Kd6 {[%emt 0:00:00]} 41. Kd2 {[%emt 0:02:48]} Nd7 {[%emt 0:04:22]} 42. Bd5 {[%emt 0:11:24]} Nc5 {[%emt 0:04:14]} 43. Bxe6 {[%emt 0:00:46]} fxe6 {[%emt 0:01:30]} 44. Kc3 {[%emt 0:04:05]} Nxa6 {[%emt 0:01:36]} 45. Nc4+ {[%emt 0:03:07]} Kc6 {[%emt 0:00:54]} 46. f4 {[%emt 0:01:00]} Ra8 {[%emt 0:01:02]} 47. g4 {[%emt 0:02:35]} Ra7 {[%emt 0:04:09]} 48. g5 {[%emt 0:01:48]} Ra8 {[%emt 0:00:20]} 49. Ra3 {[%emt 0:02:06]} Ra7 {[%emt 0:04:18]} 50. Kxb3 {[%emt 0:01:26]} Nc5+ {[%emt 0:00:45]} 51. Kc3 {[%emt 0:00:18]} Rh7 {[%emt 0:01:13]} 52. b4 {[%emt 0:00:47]} Kd5 {[%emt 0:00:51]} 1-0

[Event "69th RUS-ch Women Higher League 2019"]
[Site "Yaroslavl"]
[Date "2019.07.05"]
[Round "8.5"]
[White "Bulatova, Kamaliya"]
[Black "Kovalevskaya, Ekaterina"]
[Result "1/2-1/2"]
[WhiteElo "2102"]
[BlackElo "2413"]
[Annotator "NA"]
[PlyCount "134"]
[EventDate "2019.06.27"]
[EventType "swiss"]
[EventCountry "RUS"]
[SourceTitle "playchess.com"]
[Source "ChessBase"]
[SourceQuality "1"]
[TimeControl "40/5400+30:1800+30"]

1. d4 {[%emt 0:00:00]} Nf6 {[%emt 0:00:00]} 2. c4 {[%emt 0:00:00]} e6 {[%emt 0:00:00]} 3. Nc3 {[%emt 0:00:00]} Bb4 {[%emt 0:00:08]} 4. e3 {[%emt 0:00:00]} Nc6 {[%emt 0:00:32]} 5. Bd3 {[%emt 0:03:29]} e5 {[%emt 0:00:44]} 6. d5 {[%emt 0:01:08]} e4 {[%emt 0:06:13]} 7. Be2 {[%emt 0:14:19]} Bxc3+ {[%emt 0:06:57]} 8. bxc3 {[%emt 0:00:13]} Ne5 {[%emt 0:08:45]} 9. f4 {[%emt 0:06:57]} exf3 {[%emt 0:11:08]} 10. Nxf3 {[%emt 0:01:11]} Nxf3+ {[%emt 0:00:13]} 11. gxf3 {[%emt 0:04:08]} d6 {[%emt 0:00:10]} 12. Rg1 {[%emt 0:05:26]} Nh5 {[%emt 0:15:53]} 13. Qd4 {[%emt 0:06:23]} O-O {[%emt 0:00:23]} 14. e4 {[%emt 0:14:59]} Qh4+ {[%emt 0:03:10]} 15. Qf2 {[%emt 0:00:38]} Qxf2+ {[%emt 0:15:24]} 16. Kxf2 {[%emt 0:00:09]} g6 {[%emt 0:00:20]} 17. Bg5 {[%emt 0:09:10]} Kg7 {[%emt 0:05:41]} 18. Be3 {[%emt 0:09:18]} Kg8 {[%emt 0:03:54]} 19. Bg5 {[%emt 0:11:03]} f6 {[%emt 0:05:05]} 20. Bh6 {[%emt 0:00:51]} Re8 {[%emt 0:00:05]} 21. Bd3 {[%emt 0:01:10]} Kf7 {[%emt 0:01:04]} 22. h4 {[%emt 0:00:49]} Bd7 {[%emt 0:00:24]} 23. f4 {[%emt 0:03:29]} b6 {[%emt 0:02:48]} 24. Rae1 {[%emt 0:00:56]} Re7 {[%emt 0:00:23]} 25. Be2 {[%emt 0:03:32]} Ng7 {[%emt 0:03:16]} 26. Bxg7 {[%emt 0:00:07]} Kxg7 {[%emt 0:00:01]} 27. Bf3 {[%emt 0:01:00]} Kh6 {[%emt 0:05:45]} 28. Re3 {[%emt 0:02:01]} Rae8 {[%emt 0:00:17]} 29. Rge1 {[%emt 0:00:22]} Kg7 {[%emt 0:00:20]} 30. Bd1 {[%emt 0:00:46]} f5 {[%emt 0:05:02]} 31. e5 {[%emt 0:00:04]} dxe5 {[%emt 0:00:07]} 32. Rxe5 {[%emt 0:01:46]} Kf6 {[%emt 0:00:13]} 33. Rxe7 {[%emt 0:00:23]} Rxe7 {[%emt 0:00:01]} 34. Rxe7 {[%emt 0:00:11]} Kxe7 {[%emt 0:00:01]} 35. Ke3 {[%emt 0:00:05]} Kd6 {[%emt 0:01:58]} 36. Kd4 {[%emt 0:00:05]} Be8 {[%emt 0:00:28]} 37. Bc2 {[%emt 0:00:19]} Bd7 {[%emt 0:00:39]} 38. Bd1 {[%emt 0:00:24]} a6 {[%emt 0:00:17]} 39. a4 {[%emt 0:01:19]} a5 {[%emt 0:00:41]} 40. Bc2 {[%emt 0:00:00]} Bc8 {[%emt 0:00:00]} 41. Bd1 {[%emt 0:01:27]} Bb7 {[%emt 0:02:30]} 42. Bc2 {[%emt 0:02:24]} Bc8 {[%emt 0:08:36]} 43. Bd1 {[%emt 0:00:22]} Bd7 {[%emt 0:01:23]} 44. Bb3 {[%emt 0:01:55]} c6 {[%emt 0:03:38]} 45. Bc2 {[%emt 0:03:37]} c5+ {[%emt 0:02:59]} 46. Ke3 {[%emt 0:00:08]} Ke7 {[%emt 0:00:05]} 47. Kf3 {[%emt 0:00:51]} Kf6 {[%emt 0:00:06]} 48. Kg3 {[%emt 0:00:56]} h6 {[%emt 0:00:42]} 49. Bd1 {[%emt 0:00:11]} g5 {[%emt 0:01:23]} 50. hxg5+ {[%emt 0:00:11]} hxg5 {[%emt 0:00:02]} 51. Bc2 {[%emt 0:00:12]} Be8 {[%emt 0:00:53]} 52. Bd1 {[%emt 0:00:13]} Kg6 {[%emt 0:00:57]} 53. Bc2 {[%emt 0:00:31]} Bf7 {[%emt 0:00:32]} 54. Bd3 {[%emt 0:00:31]} Kf6 {[%emt 0:01:33]} 55. Be2 {[%emt 0:00:10]} Bg6 {[%emt 0:00:34]} 56. Bf3 {[%emt 0:00:38]} Be8 {[%emt 0:02:02]} 57. Bd1 {[%emt 0:00:05]} Bd7 {[%emt 0:00:30]} 58. Bc2 {[%emt 0:00:12]} Kg6 {[%emt 0:00:09]} 59. Bd1 {[%emt 0:00:43]} Bc8 {[%emt 0:00:33]} 60. Bf3 {[%emt 0:01:17]} Kf6 {[%emt 0:00:30]} 61. Bd1 {[%emt 0:01:15]} Bd7 {[%emt 0:04:53]} 62. Bc2 {[%emt 0:00:30]} Be8 {[%emt 0:00:09]} 63. Bd1 {[%emt 0:00:07]} Bg6 {[%emt 0:01:07]} 64. Bf3 {[%emt 0:00:40]} Bf7 {[%emt 0:00:23]} 65. Be2 {[%emt 0:00:14]} Kg6 {[%emt 0:02:04]} 66. Bd3 {[%emt 0:00:37]} Be8 {[%emt 0:00:52]} 67. Bc2 {[%emt 0:00:08]} Kf6 {[%emt 0:00:45]} 1/2-1/2

[Event "69th RUS-ch Women Higher League 2019"]
[Site "Yaroslavl"]
[Date "2019.07.05"]
[Round "8.6"]
[White "Potapova, Margarita"]
[Black "Goltseva, Ekaterina"]
[Result "1-0"]
[WhiteElo "2256"]
[BlackElo "2304"]
[Annotator "NA"]
[PlyCount "83"]
[EventDate "2019.06.27"]
[EventType "swiss"]
[EventCountry "RUS"]
[SourceTitle "playchess.com"]
[Source "ChessBase"]
[SourceQuality "1"]
[TimeControl "40/5400+30:1800+30"]

1. d4 {[%emt 0:00:00]} Nf6 {[%emt 0:00:00]} 2. c4 {[%emt 0:00:00]} e6 {[%emt 0:00:00]} 3. Nf3 {[%emt 0:00:00]} d5 {[%emt 0:00:00]} 4. Nc3 {[%emt 0:00:00]} Bb4 {[%emt 0:00:23]} 5. cxd5 {[%emt 0:00:42]} exd5 {[%emt 0:00:17]} 6. Bg5 {[%emt 0:00:05]} h6 {[%emt 0:02:58]} 7. Bh4 {[%emt 0:00:07]} O-O {[%emt 0:11:15]} 8. e3 {[%emt 0:00:04]} c5 {[%emt 0:01:41]} 9. Bd3 {[%emt 0:04:08]} g5 {[%emt 0:20:46]} 10. Bg3 {[%emt 0:00:47]} Ne4 {[%emt 0:02:48]} 11. O-O {[%emt 0:05:53]} Bf5 {[%emt 0:10:41]} 12. dxc5 {[%emt 0:04:12]} Nc6 {[%emt 0:17:33]} 13. Nd4 {[%emt 0:09:43]} Bxc3 {[%emt 0:06:13]} 14. Nxf5 {[%emt 0:02:37]} Bg7 {[%emt 0:01:53]} 15. Nxg7 {[%emt 0:05:08]} Kxg7 {[%emt 0:02:15]} 16. Bxe4 {[%emt 0:02:04]} dxe4 {[%emt 0:00:03]} 17. Bd6 {[%emt 0:00:37]} Re8 {[%emt 0:00:33]} 18. b4 {[%emt 0:00:59]} Qf6 {[%emt 0:01:41]} 19. b5 {[%emt 0:01:01]} Ne5 {[%emt 0:03:35]} 20. Qd5 {[%emt 0:02:02]} b6 {[%emt 0:02:42]} 21. Qxe4 {[%emt 0:09:34]} bxc5 {[%emt 0:01:45]} 22. Bxc5 {[%emt 0:00:34]} Nd7 {[%emt 0:00:33]} 23. Qd4 {[%emt 0:01:34]} Nxc5 {[%emt 0:00:10]} 24. Qxc5 {[%emt 0:00:03]} Re5 {[%emt 0:02:06]} 25. Qc4 {[%emt 0:04:20]} Rd8 {[%emt 0:01:53]} 26. Rad1 {[%emt 0:06:22]} Kg8 {[%emt 0:01:03]} 27. a4 {[%emt 0:02:22]} Qe7 {[%emt 0:01:52]} 28. h3 {[%emt 0:02:30]} Rb8 {[%emt 0:01:08]} 29. Rd4 {[%emt 0:01:25]} Rc5 {[%emt 0:00:34]} 30. Qd3 {[%emt 0:00:14]} Rc7 {[%emt 0:01:47]} 31. Rd1 {[%emt 0:02:33]} Qe5 {[%emt 0:01:22]} 32. Rd5 {[%emt 0:00:54]} Qe7 {[%emt 0:01:32]} 33. Rd8+ {[%emt 0:03:00]} Rxd8 {[%emt 0:00:05]} 34. Qxd8+ {[%emt 0:00:03]} Kg7 {[%emt 0:00:17]} 35. Qxe7 {[%emt 0:00:11]} Rxe7 {[%emt 0:00:04]} 36. Rd6 {[%emt 0:00:31]} f6 {[%emt 0:00:49]} 37. Kh2 {[%emt 0:01:16]} Kg6 {[%emt 0:00:29]} 38. g4 {[%emt 0:00:16]} Kf7 {[%emt 0:00:47]} 39. Kg3 {[%emt 0:00:39]} Rc7 {[%emt 0:00:42]} 40. Kf3 {[%emt 0:00:00]} Ke7 {[%emt 0:00:00]} 41. Ra6 {[%emt 0:01:21]} Kf7 {[%emt 0:02:11]} 42. Ke4 {[%emt 0:01:00]} 1-0

[Event "69th RUS-ch Women Higher League 2019"]
[Site "Yaroslavl"]
[Date "2019.07.05"]
[Round "8.7"]
[White "Gritsayeva, Oksana"]
[Black "Lysenko, Margarita"]
[Result "1-0"]
[WhiteElo "2381"]
[BlackElo "2224"]
[Annotator "NA"]
[PlyCount "63"]
[EventDate "2019.06.27"]
[EventType "swiss"]
[EventCountry "RUS"]
[SourceTitle "playchess.com"]
[Source "ChessBase"]
[SourceQuality "1"]
[TimeControl "40/5400+30:1800+30"]

1. e4 {[%emt 0:00:00]} c5 {[%emt 0:00:00]} 2. Nc3 {[%emt 0:00:00]} d6 {[%emt 0:00:06]} 3. f4 {[%emt 0:00:00]} Nc6 {[%emt 0:00:18]} 4. Nf3 {[%emt 0:00:00]} g6 {[%emt 0:01:31]} 5. Bb5 {[%emt 0:00:14]} Bg7 {[%emt 0:10:44]} 6. Bxc6+ {[%emt 0:00:27]} bxc6 {[%emt 0:00:08]} 7. d3 {[%emt 0:00:04]} Nh6 {[%emt 0:07:10]} 8. O-O {[%emt 0:01:50]} f5 {[%emt 0:03:19]} 9. e5 {[%emt 0:10:54]} O-O {[%emt 0:12:22]} 10. Qe2 {[%emt 0:03:53]} Rb8 {[%emt 0:02:01]} 11. b3 {[%emt 0:13:18]} Nf7 {[%emt 0:09:15]} 12. Kh1 {[%emt 0:01:44]} Qa5 {[%emt 0:23:39]} 13. Bd2 {[%emt 0:09:00]} Qc7 {[%emt 0:00:43]} 14. Rae1 {[%emt 0:00:59]} Ba6 {[%emt 0:01:37]} 15. h3 {[%emt 0:02:28]} Qc8 {[%emt 0:03:03]} 16. Qf2 {[%emt 0:01:12]} Rb7 {[%emt 0:02:53]} 17. Re2 {[%emt 0:02:24]} Nd8 {[%emt 0:06:30]} 18. Rfe1 {[%emt 0:02:51]} d5 {[%emt 0:00:25]} 19. Qxc5 {[%emt 0:01:12]} Ne6 {[%emt 0:00:07]} 20. Qf2 {[%emt 0:02:52]} Rd7 {[%emt 0:00:22]} 21. Nd4 {[%emt 0:08:49]} Nxd4 {[%emt 0:01:15]} 22. Qxd4 {[%emt 0:00:04]} c5 {[%emt 0:00:28]} 23. Qf2 {[%emt 0:01:11]} Qc6 {[%emt 0:03:24]} 24. Na4 {[%emt 0:02:22]} c4 {[%emt 0:03:36]} 25. Nc5 {[%emt 0:02:38]} Rc7 {[%emt 0:00:14]} 26. Be3 {[%emt 0:00:43]} Rfc8 {[%emt 0:01:09]} 27. dxc4 {[%emt 0:03:34]} dxc4 {[%emt 0:00:11]} 28. Rd2 {[%emt 0:00:59]} Qb5 {[%emt 0:02:36]} 29. a4 {[%emt 0:01:22]} Qa5 {[%emt 0:00:18]} 30. b4 {[%emt 0:00:53]} Qb6 {[%emt 0:00:42]} 31. b5 {[%emt 0:06:23]} Bb7 {[%emt 0:00:12]} 32. Na6 {[%emt 0:00:16]} 1-0

[Event "69th RUS-ch Women Higher League 2019"]
[Site "Yaroslavl"]
[Date "2019.07.05"]
[Round "8.8"]
[White "Kabanova, Ekaterina"]
[Black "Bodnaruk, Anastasia"]
[Result "0-1"]
[WhiteElo "2099"]
[BlackElo "2440"]
[Annotator "NA"]
[PlyCount "80"]
[EventDate "2019.06.27"]
[EventType "swiss"]
[EventCountry "RUS"]
[SourceTitle "playchess.com"]
[Source "ChessBase"]
[SourceQuality "1"]
[TimeControl "40/5400+30:1800+30"]

1. d4 {[%emt 0:00:00]} Nf6 {[%emt 0:00:00]} 2. c4 {[%emt 0:00:19]} g6 {[%emt 0:00:00]} 3. Nc3 {[%emt 0:00:09]} Bg7 {[%emt 0:00:00]} 4. e4 {[%emt 0:00:25]} d6 {[%emt 0:00:00]} 5. h3 {[%emt 0:00:05]} O-O {[%emt 0:00:04]} 6. Be3 {[%emt 0:00:05]} e5 {[%emt 0:01:25]} 7. d5 {[%emt 0:00:34]} Na6 {[%emt 0:01:14]} 8. g4 {[%emt 0:01:44]} c6 {[%emt 0:00:35]} 9. Nge2 {[%emt 0:00:49]} cxd5 {[%emt 0:00:40]} 10. cxd5 {[%emt 0:00:07]} h5 {[%emt 0:00:42]} 11. g5 {[%emt 0:04:31]} Nh7 {[%emt 0:04:01]} 12. Rg1 {[%emt 0:00:39]} Bd7 {[%emt 0:04:51]} 13. Ng3 {[%emt 0:01:45]} h4 {[%emt 0:03:42]} 14. Nge2 {[%emt 0:05:07]} b5 {[%emt 0:06:13]} 15. Nc1 {[%emt 0:02:34]} b4 {[%emt 0:12:32]} 16. Bxa6 {[%emt 0:06:22]} bxc3 {[%emt 0:00:04]} 17. bxc3 {[%emt 0:00:23]} Qa5 {[%emt 0:00:28]} 18. Qd3 {[%emt 0:00:12]} Rab8 {[%emt 0:02:11]} 19. Ne2 {[%emt 0:06:55]} Qa3 {[%emt 0:12:54]} 20. Bc1 {[%emt 0:05:48]} Qa4 {[%emt 0:00:44]} 21. Be3 {[%emt 0:01:31]} Rb2 {[%emt 0:07:58]} 22. f3 {[%emt 0:14:10]} Bxh3 {[%emt 0:17:42]} 23. Qc4 {[%emt 0:03:58]} Qa5 {[%emt 0:04:29]} 24. Qc6 {[%emt 0:02:28]} Bd7 {[%emt 0:03:14]} 25. Qxd6 {[%emt 0:08:27]} Rd8 {[%emt 0:03:02]} 26. Bd3 {[%emt 0:09:14]} Bb5 {[%emt 0:01:48]} 27. Qc5 {[%emt 0:04:38]} Bf8 {[%emt 0:00:34]} 28. Qxa7 {[%emt 0:00:01]} Qxa7 {[%emt 0:00:30]} 29. Bxa7 {[%emt 0:00:03]} Bxd3 {[%emt 0:00:06]} 30. Nc1 {[%emt 0:00:25]} Ba6 {[%emt 0:03:31]} 31. Be3 {[%emt 0:00:51]} Rc8 {[%emt 0:01:30]} 32. Bd2 {[%emt 0:00:17]} Bc5 {[%emt 0:02:02]} 33. Rg4 {[%emt 0:02:51]} Bf2+ {[%emt 0:02:00]} 34. Kxf2 {[%emt 0:03:11]} Rxd2+ {[%emt 0:00:02]} 35. Ke1 {[%emt 0:00:03]} Rh2 {[%emt 0:00:56]} 36. f4 {[%emt 0:01:21]} Rxc3 {[%emt 0:01:28]} 37. d6 {[%emt 0:01:43]} Nf8 {[%emt 0:00:13]} 38. fxe5 {[%emt 0:00:19]} Rg3 {[%emt 0:01:29]} 39. Rxg3 {[%emt 0:00:43]} hxg3 {[%emt 0:00:01]} 40. a4 {[%emt 0:00:00]} Rh1+ {[%emt 0:00:00]} 0-1